| 000 | 00464nam a2200157 i 4500 | ||
|---|---|---|---|
| 001 | 109378 | ||
| 003 | ES-MaACL | ||
| 005 | 20230906184830.0 | ||
| 007 | t| | ||
| 008 | 061121s1973 sp r ||||1| spa d | ||
| 245 | 0 | 0 |
_a"Mistol" _b: respuesta a una agresión. Carta abierta a Manuel Funes Robert. |
| 260 |
_aBarcelona : _bHenkel Ibérica, _c1973. |
||
| 300 |
_a168 p. ; _c22 cm. |
||
| 650 | 4 |
_aProcesos- _zEspaña. _9157314 |
|
| 852 |
_aES-MaACL _jC-55466 _bR.88069 |
||
| 999 |
_c109378 _d109378 |
||